Italy : (رقم التسجيلة. 148418)

تفاصيل مارك
000 -LEADER
fixed length control field 00877cam a22002891 4500
008 - FIXED-LENGTH DATA ELEMENTS--GENERAL INFORMATION
fixed length control field 171225s1961 enkab 000 0 eng d
040 ## - CATALOGING SOURCE
Original cataloging agency EG-GiCUC
Language of cataloging eng
Transcribing agency EG-GiCUC
043 ## - GEOGRAPHIC AREA CODE
Geographic area code e-it---
092 04 - LOCALLY ASSIGNED DEWEY CALL NUMBER (OCLC)
Classification number 914.504
Item number L458
Edition number 21
099 ## - LOCAL FREE-TEXT CALL NUMBER (OCLC)
Classification number 04
-- 914.504 L458
100 1# - MAIN ENTRY--PERSONAL NAME
Personal name Lechat, P.
245 10 - TITLE STATEMENT
Title Italy :
Statement of responsibility, etc. P. Lechat ; cLinedrawings Remo Forlani ; translated Yvonne Kapp.
260 ## - PUBLICATION, DISTRIBUTION, ETC.
Place of publication, distribution, etc. London :
Name of publisher, distributor, etc. Vista Books ,
Date of publication, distribution, etc. 1961.
300 ## - PHYSICAL DESCRIPTION
Extent 192 p. :
Other physical details ill , maps ; .
Dimensions 20 cm.
490 1# - SERIES STATEMENT
Series statement Vista books ;
Volume/sequential designation 1.
651 #0 - SUBJECT ADDED ENTRY--GEOGRAPHIC NAME
Geographic name Italy
Form subdivision Guidebooks.
651 #0 - SUBJECT ADDED ENTRY--GEOGRAPHIC NAME
Geographic name Italy
General subdivision Description and travel.
651 #0 - SUBJECT ADDED ENTRY--GEOGRAPHIC NAME
Geographic name Italy
General subdivision History.
700 1# - ADDED ENTRY--PERSONAL NAME
Personal name Forlani, Râemo.
700 1# - ADDED ENTRY--PERSONAL NAME
Personal name Kapp, Yvonne,
Dates associated with a name 1903-1999.
830 #0 - SERIES ADDED ENTRY--UNIFORM TITLE
Uniform title Vista books ;
Volume/sequential designation 1.
902 ## - LOCAL DATA ELEMENT B, LDB (RLIN)
No. of Items 1
905 ## - LOCAL DATA ELEMENT E, LDE (RLIN)
Cataloger Ghada
Reviser Cat.
905 ## - LOCAL DATA ELEMENT E, LDE (RLIN)
Cataloger Jihan
Reviser Rev.
942 ## - ADDED ENTRY ELEMENTS (KOHA)
Source of classification or shelving scheme Dewey Decimal Classification
Koha item type Books
المقتنيات
Source of classification or shelving scheme Not for loan Home library Current library Date acquired Full call number Barcode Date last seen Copy number Koha item type
Dewey Decimal Classification   المكتبة المركزبة الجديدة - جامعة القاهرة قاعة المكتبات المهداة - الدور الرابع 11.02.2024 914.504 L458 A.R. 01000110203118000 23.06.2024 C.1 Books
Cairo University Libraries Portal Implemented & Customized by: Eng. M. Mohamady Contacts: new-lib@cl.cu.edu.eg | cnul@cl.cu.edu.eg
CUCL logo CNUL logo
© All rights reserved — Cairo University Libraries
CUCL logo
Implemented & Customized by: Eng. M. Mohamady Contact: new-lib@cl.cu.edu.eg © All rights reserved — New Central Library
CNUL logo
Implemented & Customized by: Eng. M. Mohamady Contact: cnul@cl.cu.edu.eg © All rights reserved — Cairo National University Library